Černý kruh : konec mafie /

Slovenské podsvětí už nevypadá tak divoce jako v uplynuvších 90. letech, ale stále v něm jde o krk. Volné pokračování románu Černý rok.

Uloženo v:
Série:Černý kruh, část 3
Hlavní autor: Karika, Jozef, 1978- (Autor)
Další autoři: Popiolek, Jiří, 1970- (Autor)
Médium: Kniha
Jazyk:Czech
Vydáno: Praha : Argo, 2026
Vydání:Vydání první
Témata:
Celkem bylo vypůjčeno:0x
Příbuzné jednotky:Z cyklu:: Černý kruh
Tagy:
Žádné tagy
LEADER 02346nam a2200457 i 4500
001 106423
003 CZ PrNK
005 20260602074329.0
007 ta
008 260511s2026 xr g 000 f cze
015 |a cnb003757662 
020 |a 9788025749906  |q (vázáno) 
040 |a ABG001  |b cze  |e rda 
041 1 |a cze  |h slo 
072 7 |a 821.162.4  |x Slovenská literatura  |2 Konspekt  |9 25 
080 |a 821.162.4-31  |2 MRF 
080 |a (0:82-312.4)  |2 MRF 
100 1 |a Karika, Jozef,  |d 1978-  |7 mzk2004221685  |4 aut  |9 108396 
240 1 0 |a Čierny kruh.  |l Česky 
245 1 0 |a Černý kruh :  |b konec mafie /  |c Jozef Karika ; přeložil Jiří Popiolek 
246 3 0 |a Konec mafie 
250 |a Vydání první 
264 1 |a Praha :  |b Argo,  |c 2026 
300 |a 401 stran ;  |c 21 cm 
336 |a text  |b txt  |2 rdacontent 
337 |a bez média  |b n  |2 rdamedia 
338 |a svazek  |b nc  |2 rdacarrier 
500 |a Přeloženo ze slovenštiny 
504 |a Obsahuje bibliografii 
520 2 |a Slovenské podsvětí už nevypadá tak divoce jako v uplynuvších 90. letech, ale stále v něm jde o krk. Volné pokračování románu Černý rok.  |b Devadesátá léta skončila, doba se změnila. V podsvětí se už tak nestřílí, ale o krk jde pořád. Sázky jsou vysoké, černá hra bere nejen život, ale i duši. Jozef Karika tentokrát přináší velký román o tenké hranici mezi dobrem a zlem, úspěchem a pádem, minulostí a současností našeho státu i o křižovatce, na níž jsme se jako společnost ocitli. Schyluje se k velké srážce a Milan se ocitá mezi mlýnskými kameny. Čím víc poznává odvrácenou stranu moci, tím rychleji ztrácí půdu pod nohama. Která cesta vede k naplněnému životu, a která do zatracení? Nakladatelská anotace. Kráceno. 
655 7 |a slovenské romány  |7 fd133450  |2 czenas  |9 123 
655 7 |a thrillery (romány)  |7 fd184206  |2 czenas  |9 54254 
655 9 |a Slovak fiction  |2 eczenas 
655 9 |a thrillers (novels)  |2 eczenas 
700 1 |a Popiolek, Jiří,  |d 1970-  |7 xx0068655  |4 trl  |9 108397 
710 2 |a Nakladatelství Argo  |7 ko2002160146  |4 pbl  |9 117117 
787 0 8 |i Z cyklu:  |t Černý kruh  |g 3 
910 |a UOG502 
942 |2 ddc  |c KN 
999 |d 106423 
993 |0 0  |1 421180107137  |2 ddc  |4 0  |7 0  |9 99844  |b 0  |c 107137  |d 2026-06-02  |e 0  |f DOSP  |h 588.00  |i Koupě  |l DOSP  |r 2026-06-02  |t 6  |w 2026-06-02  |y KN  |z BELET  |n